000 00546nam a22001577a 4500
999 _c1163
_d1163
008 160301b xxu||||| |||| 00| 0 eng d
020 _a978-971-089-65-7
082 _22010
_aDFil 657.48
_bV23f
245 _aFinancial accounting:
_bvolume two/
_cConrado T. Valix, author [and 2 others].
250 _a2010 Revised Edition.
260 _aManila:
_bGIC Enterprise & Co., Inc.,
_c©2010.
300 _a876 pages;
_c23 cm.
650 0 _93279
_aFinancial accounting
700 _93281
_aPeralta, Jose F. and Valix, Christian Aris M.
942 _2ddc
_cDFIL